Quizzes
Events
Quiz Creation
Community
Videos
Private Events
Remove Ads
Sign In
Join for FREE
Feedback
Dark Mode
Quiz Categories
Sports
Geography
Music
Movies
Television
Just For Fun
Miscellaneous
History
Literature
Language
Science
Gaming
Entertainment
Religion
Holiday
For Kids
Quiz Lab
Recent
Popular Today
Quiz Kudos Today
Editor Picks
Curator Picks
Quizzes by...
Day
Popularity
Type
Ratings
Length
Year
Community
Subscriptions
Recent Discussions
Orange Saloon
Badges
Playlists
Quests
Create
Leaderboards
Showdown
Live 5
Trivia Bingo
Activity
Puzzle Library
Sporcle Events
Private Events
Virtual Trivia
Globe League
Become a Host
Pub Owners
SporcleCon
Opinionation
Our Games
Videos
Blog
Mobile Apps
Partnerships
Remove Ads and Go Orange
Feedback
Sports
Athletes
MLB
NBA
NHL
NFL
Soccer
Sports Teams
WWE
NCAA
Football
Premier League
Basketball
Baseball
Hockey
Golf
Tennis
Cricket
Rugby
Auto Racing
Olympics
World Cup
Sports
Athletes
MLB
NBA
NHL
NFL
Soccer
Sports Teams
WWE
NCAA
Football
Premier League
Basketball
Baseball
Hockey
Golf
Tennis
Cricket
Rugby
Auto Racing
Olympics
World Cup
Random Quiz
Search Sporcle
×
Quiz Lab
Quiz Lab
Sports
franchise
Type in answers that appear in a list
Type in answers that appear in a list
Classic
Best Score? Go Orange.
Last All-Star at Each Position for Every Franchise Stats
Last All-Star
By
Clippers15
15m
139 Questions
121 Plays
121 Plays
121 Plays
Comments
Comments
Give Quiz Kudos
Give Quiz Kudos
-
- Ratings
hide this ad
Replay
Link that replays current quiz
Next Quiz
Link to next quiz in quiz playlist
You Got
0%
They Got
Avg Score
82%
Avg Friend Score
Upgrade to see
Score Distribution
Jump to the score distribution portion of the page
Score
0/139
Timer
15:00
0
Plays Today
Hint
Answer
% Correct
Boston Celtics
Kevin Garnett
99.2%
Boston Celtics
Ray Allen
98.3%
Boston Celtics
Paul Pierce
98.3%
Brooklyn Nets
Joe Johnson
98.3%
Charlotte Hornets
Gerald Wallace
98.3%
Charlotte Hornets
Larry Johnson
98.3%
Chicago Bulls
Derrick Rose
98.3%
Chicago Bulls
Pau Gasol
98.3%
Cleveland Cavaliers
LeBron James
98.3%
Detroit Pistons
Rasheed Wallace
98.3%
Detroit Pistons
Ben Wallace
98.3%
Golden State Warriors
Stephen Curry
98.3%
Los Angeles Clippers
Marques Johnson
98.3%
Los Angeles Lakers
Pau Gasol
98.3%
Memphis Grizzlies
Marc Gasol
98.3%
Miami Heat
LeBron James
98.3%
Oklahoma City Thunder
Ray Allen
98.3%
Boston Celtics
Rajon Rondo
97.5%
Cleveland Cavaliers
Kyrie Irving
97.5%
Dallas Mavericks
Josh Howard
97.5%
Denver Nuggets
Carmelo Anthony
97.5%
Houston Rockets
Dwight Howard
97.5%
Los Angeles Lakers
Kobe Bryant
97.5%
Los Angeles Lakers
Dwight Howard
97.5%
New York Knicks
Carmelo Anthony
97.5%
Orlando Magic
Dwight Howard
97.5%
Washington Wizards
John Wall
97.5%
Brooklyn Nets
Deron Williams
96.7%
Dallas Mavericks
Dirk Nowitzki
96.7%
Milwaukee Bucks
Glenn Robinson
96.7%
Oklahoma City Thunder
Kevin Durant
96.7%
San Antonio Spurs
David Robinson
96.7%
Utah Jazz
Deron Williams
96.7%
Charlotte Hornets
Baron Davis
95.9%
Chicago Bulls
Joakim Noah
95.9%
Golden State Warriors
Klay Thompson
95.9%
Houston Rockets
James Harden
95.9%
Los Angeles Clippers
Chris Paul
95.9%
Memphis Grizzlies
Zach Randolph
95.9%
Miami Heat
Dwyane Wade
95.9%
Miami Heat
Chris Bosh
95.9%
New Orleans Pelicans
Chris Paul
95.9%
New Orleans Pelicans
Anthony Davis
95.9%
Oklahoma City Thunder
Russell Westbrook
95.9%
Phoenix Suns
Steve Nash
95.9%
Toronto Raptors
Chris Bosh
95.9%
Denver Nuggets
Chauncey Billups
95%
Hint
Answer
% Correct
Denver Nuggets
Allen Iverson
95%
Detroit Pistons
Chauncey Billups
95%
Detroit Pistons
Allen Iverson
95%
Miami Heat
Shaquille O'Neal
95%
Philadelphia 76ers
Allen Iverson
95%
Phoenix Suns
Shaquille O'Neal
95%
San Antonio Spurs
Tim Duncan
95%
Brooklyn Nets
Brook Lopez
94.2%
Indiana Pacers
Reggie Miller
94.2%
Portland Trailblazers
LaMarcus Aldridge
94.2%
San Antonio Spurs
Tony Parker
94.2%
Atlanta Hawks
Al Horford
93.4%
Dallas Mavericks
Jason Kidd
93.4%
Los Angeles Clippers
Blake Griffin
93.4%
Minnesota Timberwolves
Kevin Love
93.4%
New York Knicks
Amar'e Stoudemire
93.4%
Phoenix Suns
Amar'e Stoudemire
93.4%
San Antonio Spurs
Manu Ginobili
93.4%
Chicago Bulls
Jimmy Butler
92.6%
Indiana Pacers
Paul George
92.6%
Washington Wizards
Caron Butler
92.6%
Atlanta Hawks
Dominique Wilkins
91.7%
Sacramento Kings
Chris Webber
91.7%
Boston Celtics
Robert Parish
90.1%
Golden State Warriors
David Lee
89.3%
Indiana Pacers
Roy Hibbert
89.3%
Portland Trailblazers
Damian Lillard
88.4%
Sacramento Kings
DeMarcus Cousins
88.4%
Atlanta Hawks
Jeff Teague
87.6%
Atlanta Hawks
Kyle Korver
87.6%
Denver Nuggets
Dikembe Mutombo
87.6%
Philadelphia 76ers
Dikembe Mutombo
87.6%
Phoenix Suns
Shawn Marion
87.6%
Utah Jazz
Carlos Boozer
87.6%
Milwaukee Bucks
Michael Redd
86.8%
Brooklyn Nets
Kenyon Martin
86%
Atlanta Hawks
Paul Millsap
85.1%
Chicago Bulls
Luol Deng
85.1%
Miami Heat
Tim Hardaway
85.1%
Houston Rockets
Charles Barkley
84.3%
New York Knicks
Tyson Chandler
84.3%
Orlando Magic
Tracy McGrady
84.3%
Philadelphia 76ers
Charles Barkley
84.3%
Portland Trailblazers
Brandon Roy
84.3%
Toronto Raptors
Kyle Lowry
83.5%
Toronto Raptors
DeMar DeRozan
83.5%
Cleveland Cavaliers
Zyndrunas Ilgauskas
82.6%
Hint
Answer
% Correct
Charlotte Hornets
Alonzo Mourning
81.8%
Detroit Pistons
Grant Hill
81.8%
Sacramento Kings
Peja Stojakovic
81.8%
Orlando Magic
Jameer Nelson
81%
Cleveland Cavaliers
Shawn Kemp
79.3%
New York Knicks
John Starks
78.5%
New York Knicks
Allan Houston
78.5%
Washington Wizards
Michael Jordan
77.7%
Minnesota Timberwolves
Sam Cassell
76.9%
Orlando Magic
Rashard Lewis
76.9%
Sacramento Kings
Mitch Richmond
76.9%
Golden State Warriors
Latrell Sprewell
76%
Houston Rockets
Steve Francis
76%
Charlotte Hornets
Eddie Jones
75.2%
Washington Wizards
Antawn Jamison
75.2%
Washington Wizards
Moses Malone
75.2%
Philadelphia 76ers
Andre Iguodala
73.6%
Utah Jazz
Andrei Kirilenko
73.6%
Philadelphia 76ers
Jrue Holiday
72.7%
Brooklyn Nets
Julius Erving
69.4%
Utah Jazz
Mehmet Okur
68.6%
Los Angeles Clippers
Chris Kaman
66.1%
Dallas Mavericks
Rolando Blackman
61.2%
San Antonio Spurs
Sean Elliott
61.2%
Denver Nuggets
Antonio McDyess
57.9%
Phoenix Suns
Dan Majerle
57.9%
Milwaukee Bucks
Vin Baker
55.4%
Oklahoma City Thunder
Vin Baker
55.4%
Utah Jazz
Pete Maravich
55.4%
Portland Trailblazers
Kevin Duckworth
53.7%
Los Angeles Lakers
Cedric Ceballos
52.1%
Sacramento Kings
Tiny Archibald
51.2%
Minnesota Timberwolves
Wally Szczerbiak
50.4%
Oklahoma City Thunder
Jack Sikma
49.6%
Los Angeles Clippers
World B. Free
45.5%
Golden State Warriors
Joe Barry Carroll
43.8%
Cleveland Cavaliers
Austin Carr
43%
New Orleans Pelicans
Jamaal Magloire
38.8%
Los Angeles Lakers
Nick Van Exel
31.4%
Milwaukee Bucks
Bob Lanier
28.9%
Dallas Mavericks
James Donaldson
28.1%
Milwaukee Bucks
Jim Price
24.8%
Indiana Pacers
George McGinnis
21.5%
Indiana Pacers
Don Buse
13.2%
Houston Rockets
Jack Marin
7.4%
Quiz Playlist
Details
Report
Send in Message
Add To Playlist
Classic:
Type in answers that appear in a list
Last Updated: Feb 16, 2017
Quiz Scoreboard
CHALLENGE
Sign Up to Join the Scoreboard
Show All
Scores
Hide
Comments
May contain spoilers
Recently Published
9x9 Crossword: Cartoon Network
by jackfrog10
Miscellaneous
3m
College Basketball Coaching Resumes
by pancakes188
Sports
9m
Billboard Blitz: Fleetwood Mac
by CooCooCachoo
Music
15s
More to Explore
Quiz From the Vault
Featured Blog Post
Where Did the Easter Bunny Come From?
hide this ad
You Might Also Like...
Tags
All-Star
franchise
last
Today's Top Quizzes in Sports
Browse Sports
hide this ad
Today's Top Quizzes in franchise
Browse franchise
Top Contributed Quizzes in Sports
1
2022 World Cup Stars
2
Les meilleurs buteurs des matchs entre le PSG et l’OM
3
FIFA Club World Cup Champions
4
Les entraîneurs de l'OM et du PSG au 21e siècle
5
Criteria MLB: Left Handed Sluggers
6
AFC Teams Reveal (Wrong Answers Minefield)
7
2023 MLB Unique Player Accomplishments
8
5-to-1: FBS Animal Nicknames
9
Players with Multiple 50 Home Run Seasons
10
5-to-1: UK Sports Teams
Explore More
Trending Topics
Crossword
Kpop
Anime
Disney
NBA
Harry Potter
Marvel
The Office
Puzzle
WWE
Country
Song
Pokémon
NFL
Soccer
hide this ad
More By:
Clippers15
Quiz
Plays
Rating
Category
Featured
Created
NBA 2015-2016 Projected Starters
7,602
3.79
Sports
Jul 11, 2015
NBA 2000-2017
6,048
3.32
Sports
May 7, 2015
NBA Finals Starting Line-ups
5,789
4.36
Sports
May 28, 2015
NBA 1990-1999
3,073
4.73
Sports
May 8, 2015
NBA Starters 2016-17
1,121
Sports
Apr 4, 2017
Go to Creator's Profile
Score Distribution
Quiz Creator Spotlight
Clippers15
Follow
Send a Message
Quizzes Created
-
Created Quiz Play Count
-
More By This Creator
Popular Quizzes Today
1
Find the US States - No Outlines Minefield
2
Find the Countries of Europe - No Outlines Minefield
3
The Countries of the World
4
Find the US States
5
Risky Map Clicking: Biggest States A-Z
6
US States
7
Popular People in 1961
8
Movies - When Are They Set?
More Sports Quizzes
MLB Top 5 Innings Pitched, 1996-2020
Published
Trending Quizzes
Risky Map Clicking: Least Populous States A-Z
1-10 Letter G Words
1-10 Letter F Words
Risky Map Clicking: Next State Alphabetically
Adjectives in 80s TV Shows
Recently Updated
Leaping Animals
pecheneg
Reality TV Shows (A-Z)
bhenderson79
Rickey Henderson's Hall of Fame Teammates
pecheneg
Champions League XIs: Arsenal
pecheneg
Quick Pick: Celebrities in WWE's Hall of Fame
aduchscher
A-Z Keypad Blitz II
pecheneg
Multiple Oscar Actors
pecheneg
Mystery Phrase Blitz: Oscar 'Best Actors'
pecheneg
F. Scott Fitzgerald Novels
LTH
Pick 3 Villains
ddd62291
Trending Topics
Anime
Kpop
Disney
Harry Potter
Crossword
NBA
Marvel
Song
WWE
Soccer
Pokémon
NFL
Country
Puzzle
The Office
Your Account Isn't Verified!
In order to create a playlist on Sporcle, you need to verify the email address you used during registration. Go to your
Sporcle Settings
to finish the process.
Report this User
Report this user for behavior that violates our
Community Guidelines
.
Details:
Send Report
Go to the Sporcle.com Mobile Site →
Comments